000 00563nam a2200217Ia 4500
003 OSt
005 20230620094932.0
008 210423s2012 xx 000 0 und d
020 _a9788126517855
040 _cAL
041 _aeng
082 _a539.7 KRAK
_223
100 _aKRANE (Kenneth S).
_999144
245 _aIntroductory nuclear physics.
260 _aNew Delhi
_bWiley India Pvt Ltd
_c2012
300 _axiii,845
_bPB
365 _b949
_cINR
650 _aNuclear Physics
_999145
906 _aIntroductory ; nuclear ; physics.
942 _2ddc
_cBK
999 _c162202
_d162202